000
00289nam a22001337a 4500
008
180927b xxu||||| |||| 00| 0 eng d
020
_a
9780805862959
041
_a
eng
080
_a
370
100
_a
57
101
_a
EDU
245
_a
Media Writing
_c
Whitarker.W.E
942
_2
udc
_c
BK
999
_c
48567
_d
48567